000 00612nam a2200229Ia 4500
005 20241129120149.0
008 241129s9999||||xx |||||||||||||| ||und||
020 _a9781292446127
037 _aTB
040 _aSDCL
_beng
_cSDCL
041 _aeng
_2eng
084 _aX:72, R4
_qSDCL
100 _aAbel Andrew B.; Bernanke Ben S.; Croushore Dean
_9729311
245 0 _aMacroeconomics
250 _a11th
260 _aNew Delhi
_bPearson
_c2024
300 _a685p.
365 _aGBP
_b73.99
650 _aBusiness Economics and Finance
942 _cTB
_hX:72, R4
999 _c1233621
_d1233621